Un arte abyecto (Registro nro. 732)
[ vista simple ]
| 000 -LEADER | |
|---|---|
| fixed length control field | 01040 a2200217 4500 |
| 001 - CONTROL NUMBER | |
| control field | 18814 |
| 005 - DATE AND TIME OF LATEST TRANSACTION | |
| control field | 20260407155459.0 |
| 008 - FIXED-LENGTH DATA ELEMENTS--GENERAL INFORMATION | |
| fixed length control field | 260407a2006 arg spa d |
| 003 - CONTROL NUMBER IDENTIFIER | |
| control field | AR-UNSa-BCEJYS |
| 040 ## - CATALOGING SOURCE | |
| Original cataloging agency | AR-UNSa-BCEJYS |
| Language of cataloging | spa |
| Transcribing agency | AR-UNSa-BCEJYS |
| 080 ## - UNIVERSAL DECIMAL CLASSIFICATION NUMBER | |
| Universal Decimal Classification number | 343.2 |
| Common auxiliary subdivision | Derecho penal |
| 020 ## - INTERNATIONAL STANDARD BOOK NUMBER | |
| International Standard Book Number | 978-950-894-582-2 |
| 100 1# - MAIN ENTRY--PERSONAL NAME | |
| Personal name | Pavarini, Massimo |
| 245 10 - TITLE STATEMENT | |
| Title | Un arte abyecto |
| Name of part/section of a work | ensayo sobre el gobierno de la penalidad |
| 264 #1 - PRODUCTION, PUBLICATION, DISTRIBUTION, MANUFACTURE, AND COPYRIGHT NOTICE | |
| Place of production, publication, distribution, manufacture | Buenos Aires : |
| Name of producer, publisher, distributor, manufacturer | AD-HOC |
| Date of production, publication, distribution, manufacture, or copyright notice | 2006 |
| 300 ## - PHYSICAL DESCRIPTION | |
| Extent | 319 p. |
| Dimensions | 23 cm. |
| 505 ## - FORMATTED CONTENTS NOTE | |
| Formatted contents note | 1. El orden carcelario - 2. El orden injustificable - 3. Soñar el desorden - 4. El grotesco de la penología contemporánea - 5. La ronda penitenciaria - 6. Cien años de sufrimiento - 7. Más allá de la penalidad: seguridad frente al delito - 8. Por una política democrática del gobierno de la seguridad - 9. Cómo resistir |
| 590 ## - LOCAL NOTE (RLIN) | |
| Local note | niveau_biblio:m niveau_hierar:0 |
| 856 41 - ELECTRONIC LOCATION AND ACCESS | |
| Uniform Resource Identifier | <a href="https://biblioeco.unsa.edu.ar/pmb/images/libros/Un arte abyecto Pavarini, Massimo (2006)2.jpg">https://biblioeco.unsa.edu.ar/pmb/images/libros/Un arte abyecto Pavarini, Massimo (2006)2.jpg</a> |
| Link text | Imagen de portada |
| Electronic format type | image/jpeg |
| 942 ## - ADDED ENTRY ELEMENTS (KOHA) | |
| Koha item type | |
| Withdrawn status | Lost status | Damaged status | Not for loan | Home library | Current library | Shelving location | Date acquired | Total checkouts | Full call number | Barcode | Date last seen | Price effective from | Koha item type |
|---|---|---|---|---|---|---|---|---|---|---|---|---|---|
| Biblioteca Prof. Eusebio Cleto del Rey | Biblioteca Prof. Eusebio Cleto del Rey | 07/04/2026 | 343.2 P337 | L117345 | 07/04/2026 | 07/04/2026 | Libro |